书目信息 |
| 书名: | The 'Caine' mutiny | |
| 作者: | ||
| 分册号: | ||
| 分册名: | 出版地: | [S.l. : |
|
| 出版社: | s.n.] | |
| 出版时间: | 19--?. | |
| 页数: | 184 p. : | |
| 开本: | 20020930 | |
| 丛书名: | ||
| 中图分类号: | ||
| 科图分类号: | ||
| 其他分类号: | H319.4 | |
| 主题词: | ||
| 电子资源: | ||
| 000 | 00544nam 2200205 a 4500 | |
| 001 | E0738563712 | |
| 005 | 20070210105746.64 | |
| 008 | eng | |
| 008 | uu | |
| 040 | @aNLC | |
| 049 | @aN5LA | |
| 090 | @a2/I712.45/WHC/////////////940823/941025-6/ 3cop. | |
| 090 | @aH319.4 | |
| 096 | @aI712.45 @v2 | |
| 099 | @dH319.4@ex117 | |
| 100 | 1 | @aWouk, Herman. |
| 245 | 14 | @aThe 'Caine' mutiny |
| 260 | @a[S.l. :@bs.n.],@c19--?. | |
| 300 | @a184 p. :@b00 ;@c20020930@lNLC09@h2245@lNLC09@h2237@lNLC09@h1828 | |
| 852 | 9 | @bWWJC @cJ08S @k2 @hI712.45 @iWHC |
| The 'Caine' mutiny.-[S.l. : : s.n.], , 19--?. |
| 184 p. : : 00 ; ; 20020930 |
| ISBN |
| ● |
| 相关链接 |
|
|
|
|
正题名:'Caine' mutiny
索取号:H319.4/x117
 
预约/预借
| 序号 | 登录号 | 条形码 | 馆藏地/架位号 | 状态 | 备注 |
| 1 | 123589 | 001189234 | 密集书库/ [索取号:H319.4/x117] | 在馆 | |
| 2 | 123590 | 001189314 | 第四借阅区/ [索取号:H319.4/x117] | 在馆 | |
| 3 | 123591 | 001189270 | 密集书库/ [索取号:H319.4/x117] | 在馆 | |
| 4 | 123592 | 001189305 | 第四借阅区/ [索取号:H319.4/x117] | 在馆 | |
| 5 | 123593 | 001189403 | 密集书库/ [索取号:H319.4/x117] | 在馆 | |
| 6 | 123594 | 001189252 | 密集书库/ [索取号:H319.4/x117] | 在馆 | |
| 7 | 123595 | 001189225 | 密集书库/ [索取号:H319.4/x117] | 在馆 | |
| 8 | 123596 | 001189298 | 第四借阅区/ [索取号:H319.4/x117] | 在馆 | |
| 9 | 123597 | 001189378 | 密集书库/ [索取号:H319.4/x117] | 在馆 | |
| 10 | 123598 | 001189216 | 密集书库/ [索取号:H319.4/x117] | 在馆 | |
| 11 | 123599 | 001189341 | 密集书库/ [索取号:H319.4/x117] | 在馆 | |
| 12 | 123600 | 001189289 | 第四借阅区/ [索取号:H319.4/x117] | 在馆 | |
| 13 | 123601 | 001189332 | 密集书库/ [索取号:H319.4/x117] | 在馆 | |
| 14 | 123602 | 001189323 | 密集书库/ [索取号:H319.4/x117] | 在馆 | |
| 15 | 123603 | 001189243 | 密集书库/ [索取号:H319.4/x117] | 在馆 | |
| 16 | 83670 | 001189350 | 密集书库/ [索取号:H319.4/x117] | 在馆 | |
| 17 | 83671 | 001189396 | 第四借阅区/ [索取号:H319.4/x117] | 在馆 | |
| 18 | 83672 | 001189387 | 密集书库/ [索取号:H319.4/x117] | 在馆 | |
| 19 | 83673 | 001189369 | 密集书库/ [索取号:H319.4/x117] | 在馆 | |
| 20 | 83674 | 001189261 | 第二样本阅览室/ [索取号:H319.4/x117] | 在馆 |